Most popular games - Statistiques

Statistiques générales
  • Ce quiz a été pris 24 fois
  • Le résultat moyen est 4 sur 15
Statistiques - réponses
Hint Réponse % Correct
1 Minecraft
67%
5 Mario
57%
2 GTA 5
52%
3 Tetris
52%
8 Call of Duty
48%
9 Fortnite
48%
10 Roblox
33%
7 Pokemon
19%
11 Red Dead Redemption
10%
12 Rocket League
10%
4 Legend of Zelda
5%
6 Wii Sports
5%
13 Borderlands
0%
15 Clash Royale
0%
14 Spider man
0%
Aucun quiz correspondant
Distribution des résultats
% des personnes avec chaque résultat
Percentile par nombre de réponses
Votre historique - résultats
Vous n’avez pas pris ce quiz